Zedd - Stay ft. Alessia Cara Lyrics - Statistics

General Stats
  • This quiz has been taken 117 times
  • The average score is 33 of 45
Answer Stats
Line Blank % Correct
I could give a thousand __ __ Reasons why
94%
I could give a thousand __ __ Reasons why
94%
I could give a million __ __ Reasons why
94%
All you have to do is __ Stay
93%
All you have to do is __ Stay
93%
So stay, __ Stay
93%
All you have to do is __ Stay
93%
We can stay forever __ Young
93%
We can stay forever __ Young
93%
Living on my sofa, drinking rum and __ Cola
87%
Living on my sofa, drinking rum and __ Cola
87%
And I know you, and you've __ __ Got to
86%
Your hand __ __ On Mine
86%
Your hands __ __ On Mine
86%
Underneath the __ __ Rising Sun
86%
Underneath the __ __ Rising sun
86%
Waiting for the time to __ __ __ Pass you by
84%
The clock is ticking, __ __ So stay
84%
The clock is ticking, __ So Stay
84%
The clock is ticking, __ __ So stay
84%
The clock is ticking, __ __ So stay
84%
The clock is ticking, __ So stay
84%
The clock is ticking, __ __ So stay
84%
All you have to do is __ __ __ Stay a minute
81%
All you have to do is __ __ __ Stay a minute
81%
All you have to do is __ __ __ Stay a minute
81%
Hope the winds of change will __ __ __ Change your mind
77%
Just __ __ __ Take your time
77%
Just __ __ __ Take your time
77%
Just __ __ __ Take your time
77%
Make it on your own, but we don't have to __ __ Grow Up
75%
I don't wanna spend the __ __ Night alone
71%
I've never been the best at __ __ Letting Go
70%
All you have __ __ __ ... ouh To do is
69%
All you have __ __ __ ... ouh To do is
69%
All you have to do is __ __ __ Wait a second
59%
All you have to do is __ __ __ Wait a second
59%
All you have to do is __ __ __ Wait a second
59%
Won't admit what __ __ __ I already know
55%
Make it on my own, but I don't Wanna grow up
42%
__ __ __ __ __ __ __ All you have to do is stay
34%
Guess I need you, and __ __ __ I need you
28%
Your hands __ __ On My
19%
But you're going, and you __ __ Know what
16%
But you're going, and you __ __ Know what
16%
No matching quizzes found
Score Distribution
Percent of People with Each Score
Percentile by Number Answered
Your Score History
You have not taken this quiz